000 00633nam a2200229Ia 4500
003 OSt
005 20221005122438.0
006 a|||||r|||| 00| 0
007 ta
008 221004b |||||||| |||| 00| 0 eng d
024 _a58899
037 _cTextual
040 _aCRL
_cCRL
_beng
041 _2eng
_aeng
082 _aU8:2:M8, B7.1-.2
100 _aTemple Richard
_9100785
245 0 _aJournal kept in Hyderabad Kashmir Sikkim and Nepal ed by Richard Darnac Temple. 2 vols.
260 _c1887
650 _aGEOGRAPHY
942 _hU8:2:M8, B7.1-.2
_cTEXL
_2cc
999 _c1044323
_d1044323